000 00478nam a2200205Ia 4500
008 210210b1994 xxu||||| |||| 00| 0 eng d
082 _a650 CHEB
100 _aCHERUNILAM (Francis)
245 _aBusiness environment Rev Ed 5
250 _a
260 _aBombay
_bHimalaya Publishing House
_c1994
300 _a583
650 _aRev
650 _aenvironment
650 _aEd
650 _aBusiness
650 _a5
690 _aBusiness Environment
906 _a048442
999 _c97474
_d97474